Neústupní Seveřané

Vzťah Nórska k EÚ. Historické a kultúrne príčiny negatívneho stanoviska k vstupu Nórska do EÚ.

Salvato in:
Dettagli Bibliografici
Autore principale: Balcar, Jan
Natura: Capitolo di libro
Lingua:ceco
Soggetti:
Tags: Aggiungi Tag
Nessun Tag, puoi essere il primo ad aggiungerne!!

MARC

LEADER 00000naa a2200000 4500
001 r036641
005 20230920100203.9
041 0 |a cze 
044 |a CZ 
245 1 0 |a Neústupní Seveřané  |c Jan Balcar 
520 |a Vzťah Nórska k EÚ. Historické a kultúrne príčiny negatívneho stanoviska k vstupu Nórska do EÚ. 
610 2 0 |a vzťahy hospodárske vonkajšie 
610 2 0 |a Nórsko 
610 2 0 |a história 
610 2 0 |a kultúra 
610 2 0 |a Európska únia 
100 1 |a Balcar, Jan